Translation 1 : Phrases and sentences (2013-2014)

Gespeichert in:
Bibliographische Detailangaben
Format: Buch
Sprache:Undetermined
Veröffentlicht: 2014
Schlagworte:
Tags: Tag hinzufügen
Keine Tags, Fügen Sie den ersten Tag hinzu!
Thư viện lưu trữ: Trung tâm Học liệu Trường Đại học Cần Thơ
LEADER 00485nam a2200157Ia 4500
001 CTU_238831
008 210402s9999 xx 000 0 und d
082 |a 418.03 
082 |b T772 
245 0 |a Translation 1 : 
245 0 |b Phrases and sentences (2013-2014) 
245 0 |c Vuong Le Thien Thanh (Compiler) 
260 |c 2014 
650 |a Biên dịch và phiên dịch,Translating and interpreting 
910 |a Tuyến 
980 |a Trung tâm Học liệu Trường Đại học Cần Thơ